000
00285nam a2200133Ia 4500
100
_a
Uffenbeck / john
942
_c
BK
654
_a
programming
245
_a
The 80x86 Family:Desin
260
_b
Pearson Education
_c
2002
082
_a
4.16
_b
UFF
300
_a
678
546
_a
ENGLISH
999
_c
26854
_d
26854